Top 20 des pays les plus grands d'Asie - Statistiques

Statistiques générales
  • Ce quiz a été pris 202 fois
  • Le résultat moyen est 17 sur 20
Statistiques - réponses
Rang Pays % Correct
2- Chine
99%
3- Inde
99%
1- Russie
98%
18- Japon
93%
8- Mongolie
92%
9- Pakistan
91%
6- Indonésie
90%
4- Kazakhstan
87%
12- Afghanistan
86%
5- Arabie Saoudite
86%
7- Iran
86%
10- Turquie
84%
17- Irak
82%
14- Thaïlande
82%
16- Ouzbékistan
80%
15- Turkménistan
79%
19- Vietnam
78%
11- Birmanie
71%
20- Malaisie
71%
13- Yémen
66%
Aucun quiz correspondant
Distribution des résultats
% des personnes avec chaque résultat
Percentile par nombre de réponses
Votre historique - résultats
Vous n’avez pas pris ce quiz